Die Leute von Seldwyla Erzählungen (Record no. 6205)

MARC details
000 -CABECERA
campo de control de longitud fija 00545nam a2200205 a 4500
001 - NÚMERO DE CONTROL
campo de control BRCA_6521
005 - FECHA Y HORA DE LA ÚLTIMA TRANSACCIÓN
campo de control 20190320205504.0
008 - DATOS DE LONGITUD FIJA--INFORMACIÓN GENERAL
campo de control de longitud fija 280911s1870----gw-#######---#000-0#ger-#
041 ## - CÓDIGO DE LENGUA
Código de lengua del texto/banda sonora o título independiente ger
044 ## - CÓDIGO DEL PAÍS DE LA ENTIDAD EDITORA/PRODUCTORA
Código MARC del país gw
050 #4 - SIGNATURA TOPOGRÁFICA DE LA BIBLIOTECA DEL CONGRESO
Número de clasificación PT2374
Número de documento/Ítem .L5
100 1# - ENTRADA PRINCIPAL--NOMBRE DE PERSONA
Nombre de persona Keller, Gottfied
Fechas asociadas al nombre 1819-1890
9 (RLIN) 16278
245 10 - MENCIÓN DE TÍTULO
Título Die Leute von Seldwyla Erzählungen
Mención de responsabilidad, etc. von Gottfied Keller.
260 ## - PUBLICACIÓN, DISTRIBUCIÓN, ETC.
Lugar de publicación, distribución, etc. Leipzig
Nombre del editor, distribuidor, etc. Hesse & Becker
Fecha de publicación, distribución, etc. [1870]
300 ## - DESCRIPCIÓN FÍSICA
Extensión 2 tomos en 1 volumen
Dimensiones 18 cm.
500 ## - NOTA GENERAL
Nota general L58
650 14 - PUNTO DE ACCESO ADICIONAL DE MATERIA--TÉRMINO DE MATERIA
Término de materia o nombre geográfico como elemento de entrada Literatura suiza
9 (RLIN) 14922
902 ## - CATALOGADOR
Iniciales GFM
942 ## - ELEMENTOS DE PUNTO DE ACCESO ADICIONAL (KOHA)
Fuente del sistema de clasificación o colocación Library of Congress Classification
Tipo de ítem Koha Libros
Holdings
Estado de retiro Estado de pérdida Estado dañado No para préstamo Localización permanente Ubicación/localización actual Fecha de adquisición Número de inventario Total de préstamos Signatura topográfica completa Código de barras Fecha visto por última vez Precio válido a partir de Tipo de ítem Koha
El ejemplar forma parte de la colección y puede ser consultado según las políticas vigentes.       Biblioteca del Museo Franz Mayer (Rogerio Casas-Alatriste) Biblioteca del Museo Franz Mayer (Rogerio Casas-Alatriste) 28/09/2011 L58   PT2374 .L5 (L58) 6968 22/03/2019 22/03/2019 Libros